Wives and midwives : childbirth and nutrition in rural Malaysia /

Bibliographic Details
Main Author: Laderman, Carol
Format: Book
Language:English
Published: Berkeley : University of California Press, [1983]
Series:Comparative studies of health systems and medical care.
Subjects:

MARC

Tag First Indicator Second Indicator Subfields
LEADER 00000cam a2200000 a 4500
001 in00000014242
005 20151007052153.0
008 830523s1983 cauaf b s00110 eng
010 |a  83047664  
020 |a 0520049241 
035 |a (OCoLC)09394416 
035 |9 AAA6604AM 
040 |a DLC  |c DLC  |d m/c  |d TXA  |d UtOrBLW 
043 |a a-my--- 
049 |a TXAM  |c [A12607831] 
050 0 0 |a GN635.M4  |b L33 1983 
060 0 |a GN 635.M4 L154c 
082 0 |a 306/.46  |2 19 
100 1 |a Laderman, Carol. 
245 1 0 |a Wives and midwives :  |b childbirth and nutrition in rural Malaysia /  |c Carol Laderman. 
264 1 |a Berkeley :  |b University of California Press,  |c [1983] 
264 4 |c ©1983 
300 |a xiv, 267 pages, 8 unnumbered pages of plates :  |b illustrations ;  |c 22 cm. 
336 |a text  |b txt  |2 rdacontent 
337 |a unmediated  |b n  |2 rdamedia 
338 |a volume  |b nc  |2 rdacarrier 
490 1 |a Comparative studies of health systems and medical care 
504 |a Bibliography: pages 247-259. 
500 |a Includes index. 
650 0 |a Malays (Asian people)  |x Medicine. 
650 0 |a Birth customs  |z Malaysia  |z Terengganu. 
650 0 |a Food habits  |z Malaysia  |z Terengganu. 
650 0 |a Puerperium  |x Nutritional aspects. 
651 0 |a Kampong Merchang (Terengganu, Malaysia)  |x Social life and customs. 
830 0 |a Comparative studies of health systems and medical care. 
999 |a MARS 
999 f f |s 775c7201-51c0-3680-a339-f1dca8050896  |i d5c93403-1b14-30de-86dd-f1601838009f  |t 0 
952 f f |p ric  |a Texas A&M University  |b Rellis Campus  |c Joint Library Facility  |d Remote Storage  |t 0  |e GN635.M4 L33 1983  |h Library of Congress classification  |i unmediated -- volume  |m A14812607831 
998 f f |a GN635.M4 L33 1983  |t 0  |l Remote Storage